Aktuálne trendy vo svetovej energetike. Obnoviteľné zdroje energie - fotovoltaika bakalárska práca

Na minha lista:
Detalhes bibliográficos
Autor principal: Mahríková, Jana
Autor Corporativo: Fakulta podnikového manažmentu EU. Katedra podnikových financií
Outros Autores: Bikár, Miloš, 1973-
Formato: Livro
Idioma:eslovaco
Publicado em: Bratislava 2010
Tags: Adicionar Tag
Sem tags, seja o primeiro a adicionar uma tag!

MARC

LEADER 00000nbm a2200000 4500
001 0133396
005 20161109111524.2
041 0 |a slo 
044 |a SK 
245 1 0 |a Aktuálne trendy vo svetovej energetike. Obnoviteľné zdroje energie - fotovoltaika  |b bakalárska práca  |c Jana Mahríková ; školiteľ: Miloš Bikár 
264 1 |a Bratislava  |c 2010 
300 |a 46 s. 
100 1 |a Mahríková, Jana 
700 1 |a Bikár, Miloš, 1973- 
710 2 |a Fakulta podnikového manažmentu EU. Katedra podnikových financií